• 首页
  • 本馆介绍
  • 公告通知
  • 最新文献
  • 馆藏检索
  • 电子资源
  • 读者导购
  • 参考咨询
  • 我的图书馆
  • 登录
  • 详细信息显示
  • 放入我的书架
  • 预约/预借图书
  • 作者相关作品
  • 分类相关作品
  • 丛书相关作品
  • 出版社相关作品

书目信息

  • 表格格式
  • 工作单格式
  • 卡片格式
书名: Clinical problems in acute care medicine
作者: [edited by] James J. Heffernan, Robert A. Witzburg, Alan S. Cohen.
分册号:
分册名:
出版地: Philadelphia :
 
出版社: Saunders
出版时间: 1989.
页数: xxvi, 731 p. :
开本: 23 cm.
丛书名:
中图分类号:
科图分类号:
其他分类号: R452
主题词:
电子资源:
000 00973pam a2200313 a 450
001 E0758214966
005 20070421161534.18
008 880329s1989 paua b 001 0 eng c
010    @a88011337
020    @a0721611559.
035    @A(DLC) 88011337
040    @aDNLM/DLC@cDLC@dDLC
050 10 @aRC86.7@b.C54 1989
060    @aWB 105 C6408
082 00 @a616/.028@2 19
090    @aR452
099    @dR452@ex20
245 00 @aClinical problems in acute care medicine / @c[edited by] James J. Heffernan, Robert A. Witzburg, Alan S. Cohen.
260    @aPhiladelphia :@bSaunders,@c1989.
300    @axxvi, 731 p. :@bill. ;@c23 cm.
504    @aIncludes bibliographies and index.
650  2 @aAcute Disease.
650  0 @aMedical emergencies.
650  2 @aCritical Care.
650  0 @aCritical care medicine.
700 1  @aWitzburg, Robert A.
700 1  @aCohen, Alan S.
700 1  @aHeffernan, James J.
906    @a7@bcbc@corignew@d1@eocip@f19@gy-gencatlg
    
    Clinical problems in acute care medicine / / [edited by] James J. Heffernan, Robert A. Witzburg, Alan S. Cohen.-Philadelphia : : Saunders, , 1989.
    xxvi, 731 p. : : ill. ; ; 23 cm.
    Includes bibliographies and index.
    
    ISBN 0721611559.
    
●
相关链接 在E读中查询图书 在五车中查询图书 在当当中查询图书 在豆瓣中查询图书


正题名:Clinical problems in acute care medicine     索取号:R452/x20         预约/预借

序号 登录号 条形码 馆藏地/架位号 状态 备注
1 004441   300044413   第二样本阅览室/ [索取号:R452/x20] 在馆    
唐山师范学院图书馆 欢迎您!
大连网信软件有限公司© 版权所有